Avada Kedavra Logic Puzzle Quiz Stats

 Plays Quiz Updated Mar 6, 2018

Score 0/25 Timer 20:00
185 Plays Today
# Answer % Correct







A1
???
100%







B3
???
71.1%







C3
???
38.5%







D5
???
35.1%







C1
???
27.3%







D1
???
24%







E3
???
21.8%







D2
???
21.1%







C2
???
20.3%







E4
???
20%







A2
???
19.4%







E2
???
16.8%







D3
???
14.6%
# Answer % Correct







C5
???
14.5%







A5
???
13.2%







B2
???
12.7%







B4
???
12.5%







C4
???
12.2%







A3
???
11.3%







E1
???
10.3%







B1
???
9.5%







A4
???
8.7%







B5
???
8.6%







D4
???
7.7%







E5
???
5.5%

You're not logged in!

Compare scores with friends on all Sporcle quizzes.
Join for Free
OR
Log In

Sporcle TV

The Pottermasters - Avada Kedavra Logic Puzzle


Maria and Holly face off against this difficult logic puzzle requiring lots of knowledge of the whole Harry Potter series. Join them on the journey, or take it yourself first and see how you compare!

You Might Also Like...

Show Comments

Extras

Top Quizzes Today


Score Distribution

Your Account Isn't Verified!

In order to create a playlist on Sporcle, you need to verify the email address you used during registration. Go to your Sporcle Settings to finish the process.

Report this User

Report this user for behavior that violates our Community Guidelines.

Details: